000 00901nam a2200277 a 4500
005 20180803165340.0
008 140128b2008 ck ||||| |||| 00| 0 spa d
020 _a9789588343198
040 _aCO-BoIAVH
_cCO-BoIAVH
041 0 _aspa
044 _ack
082 0 4 _a333.95
_bR93b
090 _aIAVH
_b00834
100 1 _aRuiz, Febe Lucía
245 1 _aBiodiversidad y conectividad ecológica en la localidad de Suba /
_cFebe Lucía Ortíz, Olga Lucía Trespalacios y Diana Ramírez.
260 _aBogotá (Colombia) :
_bInstituto Alexander von Humboldt ,
_c2008.
300 _a52 p.
650 _aBiodiversidad
650 _aEcosistemas
650 _aConectividad
662 _aColombia
_cSuba
_bCundinamarca
700 _aOtero García, Javier
700 _aRamírez, Diana Patricia
700 _aTrespalacios , Olga Lucía
942 _cLIBRO
_2ddc
999 _c6205
_d6205